Counties and County Towns of Rhode Island with a Map - Statistics

General Stats
  • This quiz has been taken 74 times
  • The average score is 6 of 10
Answers on the Map
Answers color-coded by a green-red scale on the quiz's map according to % correct below.
 
Answer Stats
Type Dual Answer Answer % Correct
County Providence Providence
96%
Seat Providence Providence
96%
County Newport Newport
70%
Seat Newport Newport
70%
County East Greenwich Kent
64%
County South Kingstown Washington
64%
County Bristol Bristol
62%
Seat Bristol Bristol
62%
Seat Kent East Greenwich
30%
Seat Washington South Kingstown
30%
No matching quizzes found
Score Distribution
Percent of People with Each Score
Percentile by Number Answered
Your Score History
You have not taken this quiz